00589nam a2200217Ia 450000500170000000800460001703700100006304000080007304000080008104000080008904100080009704100080010508400080011310000190012124500370014026000090017785600630018694200100024999900210025995200910028020260320201646.0008 262003s9999 xx 000 0 eng d aEBOOK aCRL beng cCRL 2eng aeng qCRL aHemez91135588 0aData Science in Engineering 2024 bIEEE uhttps://ieeexplore.ieee.org/servlet/opac?bknumber=11054386 cEBOOK c1722762d1722762 00104070aCRLbCRLd2026-03-20l0pCL2126856r2026-03-20 20:16:46w2026-03-20yEBOOK